00984nas a22002297a 450000500170000000800410001704000130005824500180007126000720008930000120016131000100017336200460018350001170022950000820034665000540042865100440048270000500052671000520057694200160062899900130064495200970065720260602171005.0260602b19841987porar|j|||||| 00| z por|d cBR-ViAPE aRevista Letra aVitóriabFundação Ceciliano Abel de Almeida - UFESc1984-1987 av.bil. aAnual aAno 4, n. 4 (1984) - ano 7, n. 7 (1987).  aDisponibilizada apenas a imagem da capa na versão digital, em virtude de restrições de direitos autorais.  aColeção incompleta: disponíveis apenas alguns números do periódico. aLiteraturaxEscritoresxCulturazEspírito Santo aEspírito Santo (Brasil)vPeriódicos aFundação Ceciliano Abel de Almeida - UFES aUniversidade Federal do Espírito Santo - UFES 2ddccPERn1 c763d763 00102ddc4070aHDIG.APEESbHDIG.APEESd2026-06-02l0r2026-06-02 17:10:08w2026-06-02yPER